| 000 | 00000nam##2200000za#4500 |
| 001 | 9.601843 |
| 003 | CaOODSP |
| 005 | 20210624210253 |
| 007 | cr ||||||||||| |
| 008 | 150406|1993||||xxc|||||o f|0| 0 fre|d |
| 040 | |aCaOODSP|bfre |
| 043 | |an-cn--- |
| 086 | 1 |aEn1-17/10-1993F-PDF |
| 110 | 1 |aCanada.|bEnvironnement Canada. |bSection Développement technologique. |
| 245 | 10|aSédiments contaminés. Guide pour l'évaluation et le choix des technologies de traitement des sédiments contaminés |h[ressource électronique] |
| 260 | |aMontréal - Québec : |bEnvironnement Canada. |cSeptembre 1993. |
| 300 | |a4p.|bfigure, tableau, photographies |
| 490 | 1 |aTechnologies Saint-Laurent |
| 590 | |a12-02-Supp|b2012-01-20 |
| 691 | 07|aPollution des sols|2gcpds |
| 775 | 08|tContaminated sediment. Guide to assessing and selecting treatment technologies for contaminated sediment |w(CaOODSP)9.571216 |
| 776 | 0#|tSédiments contaminés: guide pour l'évaluation et le choix des technologies de traitement des sédiments contaminés / |w(CaOODSP)9.622213 |
| 830 | #0|aTechnologies Saint-Laurent.|w(CaOODSP)9.500861 |
| 856 | 40|ahttp://publications.gc.ca|qPDF|s446 Ko|uhttps://publications.gc.ca/collections/Collection/En1-17-10-1993F.pdf |